000 01218cab a2200241 4500
001 ##ABS68647
008 050127n2004 000 0 eng u
035 _a(Sirsi) u128651
041 0 _aeng
100 1 _aWhitmore, J.
245 0 0 _aFinance supplement
260 _c2004
490 0 _aProperty Week
_v12 November 2004 (30) (LOAN)
520 _aSeries of articles on different aspects of property finance, starting with "Ten reasons why everyone wants a piece of property" on the popularity of the property sector. "Do the REIT thing, Mr Brown" on the expectation that the Chancellor will announce the introduction of US-style REITs in his pre-budget report. The success of flexible leases and small units is discussed in "Flexi-time". "The quiet Americans" looks at the work of US developers in the UK while "Australian rules" reports on three Australian property development and construction companies looking to establish themselves in the UK.
590 _aABS
651 4 _aUnited Kingdom
_y
690 _aPROPERTY-PROPERTY FINANCE AND INVESTMENT-REAL ESTATE INVESTMENT TRUSTS
700 1 _aWaples, J.
700 1 _aMackenzie, P.
700 1 _aDanaher, T.
700 1 _aMarriott, R.
942 _n0
999 _c74772
_d74772